Statistics for Click the Movie Title Ending #8

Click here to take the quiz!

General Stats

  • This quiz has been taken 6,557 times
  • The average score is 18 of 24

Answer Stats

HintAnswer% Correct
MeanGirls
94%
SleepingBeauty
91%
FreakyFriday
91%
KnivesOut
91%
SayAnything
88%
AngerManagement
88%
ForeverYoung
88%
RideAlong
87%
RiskyBusiness
87%
GreatExpectations
85%
ErinBrockovich
84%
ChickenLittle
84%
GreenLantern
82%
SharkTale
81%
ConAir
74%
MonsterHouse
68%
MysticRiver
65%
TinCup
62%
HotFuzz
62%
BartonFink
56%
FirstKnight
53%
BlueJasmine
43%
StrawDogs
40%
DarkShadows
33%

Score Distribution

Percentile by Number Answered

Percent of People with Each Score

Your Score History

You have not taken this quiz